Online Catalogue and eLibrary

Manufacturing Consent: (Record no. 1125)

MARC details
000 -LEADER
fixed length control field 00498nam a2200193Ia 4500
005 - DATE AND TIME OF LATEST TRANSACTION
control field 20250319021509.0
008 - FIXED-LENGTH DATA ELEMENTS--GENERAL INFORMATION
fixed length control field 240331s9999 xx 000 0 und d
020 ## - INTERNATIONAL STANDARD BOOK NUMBER
ISBN 0679720340
082 ## - DDC Classification
Class No. 302.23
Item Number - Author Mark HER
DDC Edition Number 1169
100 ## - MAIN ENTRY--PERSONAL NAME
Personal name Herman, E.S
100 ## - MAIN ENTRY--PERSONAL NAME
Personal name Chomsky, N
245 #0 - TITLE STATEMENT
Title Manufacturing Consent:
Remainder of title The Political Economy of the Mass Media
260 ## - PUBLICATION, DISTRIBUTION, ETC.
Place of publication, distribution, etc. New York,
Name of publisher, distributor, etc. Pantheon Books
Date of publication, distribution, etc. 1988
300 ## - PHYSICAL DESCRIPTION
Extent (e.g. Volumes, Pages etc.) xvi, 413 p.,
650 ## - SUBJECT ADDED ENTRY--TOPICAL TERM
Topical term or geographic name entry element Politics
650 ## - SUBJECT ADDED ENTRY--TOPICAL TERM
Topical term or geographic name entry element Economy
650 ## - SUBJECT ADDED ENTRY--TOPICAL TERM
Topical term or geographic name entry element Media
942 ## - Koha item type (Biblio)
Koha item type Books in Stacks (Lending)
Holdings
Lost status Damaged status Collection code Home library Current library Shelving location Date acquired Full call number Accession Number Item type
    Lending WERC Library WERC Library Social Science Cupboard 03/31/2024 302.23 HER 1169 Books in Stacks (Lending)

© WERC Library